Horse Breeds - Statistics

General Stats
  • This quiz has been taken 39 times
  • The average score is 13 of 24
Answer Stats
Picture Hint Answer % Correct
Middle East Arabian
97%
United States Appaloosa
87%
United Kingdom Shire
83%
Scotland Clydesdale
80%
Netherlands Friesian
73%
Scotland Shetland
70%
Turkmenistan Akhal Teke
67%
Norway Fjord
67%
Iceland Icelandic
67%
Spain Andalusian
60%
United States American Paint
57%
United States Quarter
57%
Wales Welsh Cob
57%
France Percheron
53%
United States Morgan
50%
Austria/Italy Haflinger
43%
Ireland Irish Cob
40%
United States/Belgium American Belgian Draft
33%
Argentina Falabella
33%
India Marwari
33%
England Suffolk Punch
20%
France/Belgium Ardennais
10%
Europe Lipizzan
10%
Denmark Dutch Draft
7%
No matching quizzes found
Score Distribution
Percent of People with Each Score
Percentile by Number Answered
Your Score History
You have not taken this quiz